书目信息 |
| 题名: |
天花粉蛋白
|
|
| 作者: | 汪猷 主编 | |
| 分册: | ||
| 出版信息: | 北京 科学出版社 1990 |
|
| 页数: | 444页 | |
| 开本: | 26cm | |
| 丛书名: | ||
| 单 册: | ||
| 中图分类: | R282.71 | |
| 科图分类: | ||
| 主题词: | 天花粉--蛋白--研究 | |
| 电子资源: | ||
| ISBN: | 7-03-008255-9 | |
| 000 | 00571nam0 2200205 45 | |
| 001 | 0309221176 | |
| 005 | 20031219104115.9 | |
| 010 | @a7-03-008255-9@b精装@dCNY140.00 | |
| 100 | @a20030922d1990 km y0chiy0120 ea | |
| 101 | 0 | @achi |
| 105 | @aaf z 000yy | |
| 200 | 1 | @a天花粉蛋白@ATian Hua Fen Dan Bai@f汪猷主编@FWang You Zhu Bian |
| 205 | @a2版 | |
| 210 | @a北京@c科学出版社@d1990 | |
| 215 | @a444页@c插图,图版@d26cm | |
| 606 | 0 | @a天花粉@x蛋白@x研究 |
| 690 | @aR282.71@v4 | |
| 701 | 0 | @a汪猷@4主编 |
| 801 | @aCN@bTSTC@c20030922 | |
| 905 | @b326051@dR282.71@e120=2@f1 | |
| 天花粉蛋白/汪猷主编.-2版.-北京:科学出版社,1990 |
| 444页:插图,图版;26cm |
| ISBN 7-03-008255-9(精装):CNY140.00 |
| ● |
| 相关链接 |
|
|
|
|
正题名:天花粉蛋白
索取号:R282.71/120=2
 
预约/预借
| 序号 | 登录号 | 条形码 | 馆藏地/架位号 | 状态 | 备注 |
| 1 | 0326051 | 203260513 | 第二样本阅览室/ [索取号:R282.71/120=2] | 在馆 |